Sledovanie vývoja finančnej a kapitálovej štruktúry podniku bakalárska práca

Na minha lista:
Detalhes bibliográficos
Autor principal: Turanská, Monika
Autor Corporativo: Podnikovohospodárska fakulta EU so sídlom v Košiciach. Katedra účtovníctva a financií
Outros Autores: Freňáková, Magdaléna, 1981-
Formato: Livro
Idioma:eslovaco
Publicado em: Košice 2013
Tags: Adicionar Tag
Sem tags, seja o primeiro a adicionar uma tag!

MARC

LEADER 00000nbm a2200000 4500
001 0172242
005 20161109112038.2
041 0 |a slo 
044 |a SK 
245 1 0 |a Sledovanie vývoja finančnej a kapitálovej štruktúry podniku  |b bakalárska práca  |c Monika Turanská ; školiteľ: Magdaléna Freňáková 
264 1 |a Košice  |c 2013 
300 |a 52 s. 
100 1 |a Turanská, Monika 
700 1 |a Freňáková, Magdaléna, 1981- 
710 2 |a Podnikovohospodárska fakulta EU so sídlom v Košiciach. Katedra účtovníctva a financií